00346nam a2200133Ia 450000500170000000800410001705000280005824500390008626000220012530000440014744000060019152100070019752600080020420140405103907.0140130s9999 xx 000 0 und d aQL 430.3.O2 b.R66 2001 cConnie RoopaOctopus Under The Sea bScholastic,c2001 a1 v. (unpaged) ; bcol. ill. ; c23 cm. v1 aG4 c620